LEADER 01010nam--2200373---450- 001 990003430670203316 005 20100727153408.0 010 $a0-19-508285-0 035 $a000343067 035 $aUSA01000343067 035 $a(ALEPH)000343067USA01 035 $a000343067 100 $a20100727d1995----km-y0itay50------ba 101 $aeng 102 $aGB 105 $a||||||||001yy 200 1 $aAeschines and Athenian Politics$fEdward M. Harris 210 $aNew York ; Oxford$cOxford University Press$d1995 215 $aX,233 p.$d24 cm 410 0$12001 454 1$12001 461 1$1001-------$12001 606 0 $aStoria greca$2BNCF 676 $a938.07 700 1$aHARRIS,$bEdward M.$047565 801 0$aIT$bsalbc$gISBD 912 $a990003430670203316 951 $aHPG 356$b4056 DSA 959 $aBK 969 $aDSA 979 $aDSA$b10$c20100727$lUSA01$h1532 979 $aDSA$b10$c20100727$lUSA01$h1534 996 $aAeschines and Athenian Politics$91110234 997 $aUNISA LEADER 01554nam0-22004211i-450- 001 990005540740203316 005 20050727120000.0 035 $a000554074 035 $aUSA01000554074 035 $a(ALEPH)000554074USA01 035 $a000554074 100 $a20050727d1981-------|0frac50------ba 101 $afre 102 $aFR 105 $a|||| ||||| 200 1 $a<> effets exerces sur la balance des paiements par les chocs exterieurs et les mesures prises pour y repondre dans les pays en developpement non membres de l'OPEP$fpar Bela Balassa, Andre Barsony, Anne Richards 210 $aParis$cOCDE$d1981 215 $a103 p.$d27 cm. 225 2$aÉtudes du Centre de dévéloppement. - Paris 410 1$12001$aÉtudes du Centre de dévéloppement. - Paris 606 $aBilancia dei pagamenti$2FI 620 $dParis 676 $a382.17$cBilancia dei pagamenti$v21 700 1$aBALASSA,$bBela$032105 701 1$aBARSONY,$bAndré$0410121 701 1$aRICHARDS,$bAnne$0410122 712 $aOCDE-OECD 801 $aIT$bSOL$c20120104 912 $a990005540740203316 950 $aDIP.TO SCIENZE ECONOMICHE - (SA)$dDS 300 382.17 BAL$e453 DISES 951 $a300 382.17 BAL$b453 DISES 959 $aBK 969 $aDISES 979 $c20121027$lUSA01$h1533 979 $c20121027$lUSA01$h1613 996 $aEffets exerces sur la balance des paiements par les chocs exterieurs et les mesures prises pour y repondre dans les pays en developpement non membres de l'OPEP$91130745 997 $aUNISA NUM $aUSA16421 LEADER 02996nam 2200601Ia 450 001 9910450474403321 005 20200520144314.0 035 $a(CKB)1000000000243401 035 $a(SSID)ssj0000278911 035 $a(PQKBManifestationID)11211205 035 $a(PQKBTitleCode)TC0000278911 035 $a(PQKBWorkID)10259702 035 $a(PQKB)10414059 035 $a(MiAaPQ)EBC3306849 035 $a(CaSebORM)0738497584 035 $a(Au-PeEL)EBL3306849 035 $a(CaPaEBR)ebr10113006 035 $a(OCoLC)80244510 035 $a(EXLCZ)991000000000243401 100 $a20050304d2004 uy 0 101 0 $aeng 135 $aurcn||||||||| 181 $ctxt 182 $cc 183 $acr 200 00$aE-commerce hosting solutions guide using WebSphere Commerce V5.5 business edition$b[electronic resource] /$f[Chris McCollum ... et al.] 205 $a1st ed. 210 $aResearch Triangle Park, NC $cIBM, International Technical Support Organization$d2004 215 $axxii, 958 p. $cill 225 1 $aIBM redbooks 300 $a"SG24-7018-00." 300 $a"May 2004." 311 $a0-7384-9758-4 320 $aIncludes bibliographical references and index. 330 $aThis IBM Redbooks publication provides IT architects, IT specialists, and administrators with the critical knowledge to design, develop, implement, deploy, and manage a WebSphere Commerce V5.5 hosting site with multiple stores. This book includes: - An introduction to the WebSphere Commerce hosting model and the hosting composite pattern - An ITSO hosting example, including a business requirements analysis and solution design. - How to implement a team development environment, customize a store profile, and build, deploy, and manage multiple stores. - How to manage a hosting hub, hub organization, and hosted stores. - How to manage a hosted B2B store and organizations. - How to manage a hosted B2C store and organizations. The appendixes include procedures and tips for WebSphere Commerce implementation, WebSphere Commerce Studio implementation, common procedures, and error handling scenarios. Please note that the additional material referenced in the text is not available from IBM. 410 0$aIBM redbooks. 606 $aElectronic commerce$xComputer programs 606 $aWeb sites$xManagement 606 $aBusiness enterprises$xComputer programs 608 $aElectronic books. 615 0$aElectronic commerce$xComputer programs. 615 0$aWeb sites$xManagement. 615 0$aBusiness enterprises$xComputer programs. 676 $a658.8/4/0285 701 $aMcCollum$b Chris$0875278 712 02$aInternational Business Machines Corporation.$bInternational Technical Support Organization. 801 0$bMiAaPQ 801 1$bMiAaPQ 801 2$bMiAaPQ 906 $aBOOK 912 $a9910450474403321 996 $aE-commerce hosting solutions guide using WebSphere Commerce V5.5 business edition$92174371 997 $aUNINA